| 000 | 00568nam a2200181Ia 4500 | ||
|---|---|---|---|
| 005 | 20250508150631.0 | ||
| 008 | 008 250505s9999 xx 000 0 eng d | ||
| 037 | _aBooks to be hide in OPAC | ||
| 040 |
_aFEDL _beng _cFEDL |
||
| 041 |
_aeng _2eng |
||
| 084 |
_a378.34, GRE _qFEDL |
||
| 245 | 0 | _aReport of the departmental committee on scholarships and free places | |
| 260 |
_aLondon, UK _bHis Majesty's Stationery Office _c1920 |
||
| 300 | _a82p. | ||
| 546 | _aAcc. No. 3984 is weeded out | ||
| 942 |
_cHB _h378.34, GRE |
||
| 999 |
_c1324709 _d1324709 |
||